header

The origins of alliances (Record no. 34929)

MARC details
000 -LEADER
fixed length control field 01474nam a2200385 a 4500
082 04 - DEWEY DECIMAL CLASSIFICATION NUMBER
Classification number 327.1/16/0956
100 1# - MAIN ENTRY--AUTHOR NAME
Personal name Walt, Stephen M.,
245 14 - TITLE STATEMENT
Title The origins of alliances
260 ## - PUBLICATION, DISTRIBUTION, ETC. (IMPRINT)
Place of publication Ithaca :
Name of publisher Cornell University Press,
Year of publication 1987.
300 ## - PHYSICAL DESCRIPTION
Number of Pages xii, 321 p.
500 ## - GENERAL NOTE
General note First printing, Cornell Paperbacks, 1990.
650 #0 - SUBJECT ADDED ENTRY--TOPICAL TERM
Topical Term Alliances.
Topical Term International relations.
856 40 - ELECTRONIC LOCATION AND ACCESS
Uniform Resource Identifier http://site.ebrary.com/lib/rucke/Doc?id=10747056

No items available.

© 2026 Rongo University
Contact us: librarian | system librarian | Rongo university